00678cam a2200205 a 450000100100000000500170001000800410002704000290006808200210009710000300011824500350014826000280018330000210021165000270023265000310025991000340029004900090032495201240033399900150045700000908420200929161501.0050607s19uu xx 000 0 spa  aDO-SdBNPbspacLCbBNPHU aA863.42bC215ó1 aCanclini, Arnoldo.92373210aOnésimo /cArnoldo Canclini. a[s.n.] :bMoody,c19??. a192 p. ;c19 cm. 4aNovela argentina93941 4aLiteratura argentina93860 aCatalogación por copia / LC aBNGR 001052708MOaGRbGRcCTd2009-09-25iLF1l0oA863.42 C215óp9084-10r2020-06-25w2020-06-25y2ZPréstamo interno c8848d8848